000 01147nam2a22002531 4500
001 RU\NLR\INFOCOMM31\5000040274
005 20250617015748.0
035 _a(NLR Aleph) 002360017
090 _a4539436
_c4539436
100 _a20041125d1953 |||y0rusy50 ca
101 0 _arus
102 _aRU
105 _ay ||||000|y
200 1 _aЭлектролитическое лужение гальваноотложений)
_fК.Е. Гинзбург
210 _d1953
_aБ. м.
461 0 _1001RU\NLR\INFOCOMM31\5000040243
_12001#$aТехническая информация$fМ-во культуры СССР. Глав. упр. полигр. пром.$v1953, Вып.4
_94539403
_aСССР. Главное управление полиграфической промышленности
_cМ.
_d1953-1955
_fМ-во культуры СССР. Глав. упр. полигр. пром.
_tТехническая информация
_v1953, Вып.4
700 1 _aГинзбург
_bК.Е.
_4070
801 1 _aRU
_bInfoComm
_c20041125
801 0 _aRU
_bNLR
_gPSBO
852 _aNLR
_jП10/1159
942 _cISSUE
980 _aNB
980 _aRUSPER